Szczegóły MARC21

Ocena korzyści uzyskiwanych przez Państwa UE-15 w wyniku realizacji polityki spójności w Polsce : aktualizacja 2010 /

003 -Nazwa inst., której nr kontr. jest w polu 001 [,]
    • @
    • Nazwa instytucji, której n kontrolny jest w polu 001
    • NUKAT
005 -DATA I CZAS OSTATNIEJ MODYFIKACJI [,]
    • @
    • pole kontrolne
    • 20241231110357.0
020 -Międzynarod. znormalizowany nr książki - ISBN [ , ]
    • a
    • Numer ISBN
    • 9788376102016 Find
040 -Instytucja sporządzająca opis [ , ]
    • a
    • Instytucja, która sporządziła opis (NP)
    • KR U/maj
    • c
    • Instytucja, która sporządziła rekord (NP)
    • KR U/maj
    • d
    • Instytucja, która zmodyfikowała rekord (P)
    • POZN U/HAs
942 -Rodzaj dokumentu [ , ]
    • c
    • Rodzaj dokumentu
    • Książka
100 -Hasło główne - nazwa osobowa [1, ]
    • a
    • Nazwa osobowa (NP)
    • Skrok, Łukasz.
    • 9
    • KHW
    • 18258
245 -Strefa tytułu i oznaczenia odpowiedzialności [1,0]
    • a
    • Tytuł
    • Ocena korzyści uzyskiwanych przez Państwa UE-15 w wyniku realizacji polityki spójności w Polsce : Find
    • b
    • Ciąg dalszy tytułu (NP)
    • aktualizacja 2010 / Find
    • c
    • Pozostałe elementy strefy tytułu i oznaczenia odpowiedzialności (NP)
    • [aut.: Łukasz Skrok].
260 -Strefa adresu wydawniczego [ , ]
    • a
    • Miejsce wydania (P)
    • Warszawa :
    • b
    • Nazwa wydawcy (P)
    • Ministerstwo Rozwoju Regionalnego,
    • c
    • Data wydania (P)
    • 2010.
300 -Strefa opisu fizycznego [ , ]
    • a
    • Określenie formy książki i/lub objętość (NP)
    • 129 s. :
    • b
    • Oznaczenie ilustracji (NP)
    • il. ;
    • c
    • Format (NP)
    • 30 cm.
336 -Typ zawartości [ , ]
    • a
    • Termin opisujący typ zawartości
    • Tekst
    • b
    • Kod określający zawartość
    • txt
    • 2
    • Źródło (terminu i kodu)
    • rdacontent
337 -Typ mediów [ , ]
    • a
    • Tryb odtwarzania
    • Bez urządzenia pośredniczącego
    • b
    • Kod typu mediów
    • n
    • 2
    • Źródło (terminu i kodu)
    • rdamedia
338 -Typ/rodzaj nośnika [ , ]
    • a
    • Hasło opisujące typ nośnika
    • Wolumin
    • b
    • Kod typu nośnika
    • nc
    • 2
    • Źródło (terminu i kodu)
    • rdacarrier
490 -Strefa serii i książki wielotomowej - forma nie do wyszukiwania [1, ]
    • a
    • Tytuł (P)
    • Ewaluacja Find
830 -Hasło dodatkowe serii i opisu książki wielotomowej - tytuł ujednolicony/tytuł [ ,0]
    • a
    • Tytuł ujednolicony/tytuł (NP)
    • Ewaluacja - Ministerstwo Rozwoju Regionalnego
    • 9
    • KHW
    • 18247
500 -Uwaga ogólna [ , ]
    • a
    • Uwaga ogólna (NP)
    • U dołu okł.: Narodowa Strategia Spójności. Fundusze Europejskie - dla rozwoju Polski.
080 -Uniwersalna Klasyfikacja Dziesiętna [ , ]
    • 2
    • Identyfikator wydania tablic
    • UDC-P058
    • 9
    • UKD
    • 3343
    • a
    • Symbol klasyfikacji
    • 339.97
    • b
    • Dopowiedzenie
    • Międzynarodowa polityka gospodarcza. Międzynarodowe plany gospodarcze. Prognozy gospodarcze międzynarodowe.
    • 4
    • UKD2
    • 7975
    • x
    • Poddział wspólny
    • (4-67)
    • c
    • Dopowiedzenie poddz. wspólnego
    • (Kraje Unii Europejskiej).
    • 4
    • UKD2
    • 7642
    • x
    • Poddział wspólny
    • (438)
    • c
    • Dopowiedzenie poddz. wspólnego
    • (Polska).
080 -Uniwersalna Klasyfikacja Dziesiętna [ , ]
    • 2
    • Identyfikator wydania tablic
    • UDC-P058
    • 9
    • UKD
    • 2960
    • a
    • Symbol klasyfikacji
    • 330.34
    • b
    • Dopowiedzenie
    • Rozwój gospodarczy.
    • 4
    • UKD2
    • 7975
    • x
    • Poddział wspólny
    • (4-67)
    • c
    • Dopowiedzenie poddz. wspólnego
    • (Kraje Unii Europejskiej).
    • 4
    • UKD2
    • 7642
    • x
    • Poddział wspólny
    • (438)
    • c
    • Dopowiedzenie poddz. wspólnego
    • (Polska).
080 -Uniwersalna Klasyfikacja Dziesiętna [ , ]
    • 2
    • Identyfikator wydania tablic
    • UDC-P058
    • 9
    • UKD
    • 3327
    • a
    • Symbol klasyfikacji
    • 339.7
    • b
    • Dopowiedzenie
    • Finanse międzynarodowe.
    • 4
    • UKD2
    • 7975
    • x
    • Poddział wspólny
    • (4-67)
    • c
    • Dopowiedzenie poddz. wspólnego
    • (Kraje Unii Europejskiej).
080 -Uniwersalna Klasyfikacja Dziesiętna [ , ]
    • 2
    • Identyfikator wydania tablic
    • UDC-P058
    • 9
    • UKD
    • 8086
    • a
    • Symbol klasyfikacji
    • 338.1(438)
    • b
    • Dopowiedzenie
    • Sytuacja gospodarcza Polski.
    • 4
    • UKD2
    • 8659
    • x
    • Poddział wspólny
    • "1990/..."
    • c
    • Dopowiedzenie poddz. wspólnego
    • Od 1990.
610 -Hasło przedmiotowe w formie nazwy ciała zbiorowego [2,7]
    • a
    • Nazwa ciała zbiorowego lub nazwa geograficzna
    • Unia Europejska
    • z
    • Określnik geograficzny
    • Polska
    • y
    • Określnik chronologiczny
    • 1990-.
    • 2
    • Źródło terminu
    • kaba
    • 9
    • KHW
    • 350291
650 -Hasło przedmiotowe [ ,7]
    • a
    • Hasło przedmiotowe
    • Regionalizacja ekonomiczna
    • z
    • Określnik geograficzny
    • Kraje Unii Europejskiej
    • y
    • Określnik chronologiczny
    • 1990-.
    • 2
    • Źródło terminu
    • kaba
    • 9
    • KHW
    • 350261
651 -Hasło przedmiotowe w formie nazwy geograficznej [ ,7]
    • a
    • Nazwa geograficzna
    • Kraje Unii Europejskiej
    • x
    • Określnik rzeczowy
    • sytuacja gospodarcza
    • y
    • Określnik chronologiczny
    • 1990-.
    • 2
    • Źródło terminu
    • kaba
    • 9
    • KHW
    • 350355
651 -Hasło przedmiotowe w formie nazwy geograficznej [ ,7]
    • a
    • Nazwa geograficzna
    • Polska
    • x
    • Określnik rzeczowy
    • sytuacja gospodarcza
    • y
    • Określnik chronologiczny
    • 1989-.
    • 2
    • Źródło terminu
    • kaba
    • 9
    • KHW
    • 124853
980 -Symbol UKD [ , ]
    • a
    • UKD
    • 339.97:330.34](438:4-67):339.7(4-67):338.1(438)"1990/..."
920 -ISBN [ , ]
    • a
    • ISBN
    • 978-83-7610-201-6 Find
Status udost. Numer inwentarzowy Lokalizacja Data inwentaryzacji
-2E.73094BE2011-01-31
1CDE.2196BG2011-02-14
-2T.11330T2011-02-16